| 000 | 00336nab a22001097u 4500 | ||
|---|---|---|---|
| 008 | 130520b2006 xxu||||| |||| 00| 0 spa d | ||
| 041 | _aspa | ||
| 100 | 1 |
_aOrtiz-Osés, Andrés _d(1943-) _98008 |
|
| 245 | 0 | 0 |
_aEl miedo existencial _cAndrés Ortiz-Osés |
| 773 | 0 |
_tAnthropos _gV.27, nº1-2,2006,págs. 41-52 _x0254-1629 _wRev38 |
|
| 942 | _cAR | ||
| 999 |
_c384898 _d384898 |
||